000 00262nam a2200097Ia 4500
001 642519
005 20250826153528.0
008 250824s9999 xx 000 0 und d
245 0 _aVADİDEKİ ZAMBAK ANTİK
_cHONORE DE BALZAC
260 _bANTİK DÜNYA KLASİKLERİ
999 _c642519
_d642519